000 00587nam a2200229Ia 4500
003 OSt
005 20221007071055.0
006 a|||||r|||| 00| 0
007 ta
008 221006b |||||||| |||| 00| 0 eng d
024 _a21,788
037 _cTextual
040 _aFLL
_cFLL
_beng
041 _2eng
_aeng
082 _aZ2:801y7a, F8
100 _aAiyar A. N.
245 0 _aIndian case law
260 _aLahore
_bLaw Publishing Press Pakistan
_c1928
300 _a240p
_ccm.
942 _hZ2:801y7a, F8
_cTEXL
_2CC
999 _c1142366
_d1142366